| 000 | 00515nam a22001817a 4500 | ||
|---|---|---|---|
| 005 | 20250910105359.0 | ||
| 008 | 250909b |||||||| |||| 00| 0 eng d | ||
| 020 | _a978-0-443-0957-4 | ||
| 041 | _aeng | ||
| 082 | _a616.8 LIN-N | ||
| 100 |
_aLINDSAY,KENNETH W. & BONE, IAN , GUN J . VAN, AND FULLER,GERAINT & CALLENDER, ROBIN _98667 |
||
| 245 | _aNEUROLOGY AND NEURO SURGERY ILLUSTRATED | ||
| 250 | _a5TH ED. 2010 | ||
| 260 |
_aEDIN BURGH _bELSEVIER _c2010 |
||
| 300 | _a600;P | ||
| 650 | _aBPT | ||
| 942 | _cBK | ||
| 999 |
_c8797 _d8795 |
||